LEADER 01073nam0 2200301 450 001 000019098 005 20081110135953.0 100 $a20081110d1972----km-y0itay50------ba 101 0 $aita 102 $aIT 105 $ay-------001yy 200 1 $aSulla storiografia dell'economica$fAntonio Maria Fusco 210 $aNapoli$cGiannini$d1972 215 $aXI, 261 p.$d22 cm 225 2 $aCollana di cultura economica$v1 410 0$12001$aCollana di cultura economica 500 10$aSulla storiografia dell'economica$932450 610 1 $aEconomia$aStoriografia$aMetodo 676 $a330.9$9Situazioni e condizioni economiche 676 $a330.9$9Storia economica, economia dei singoli paesi 676 $a330.09$v19$9Scienze economiche. Trattamento storico e geografico della disciplina 700 1$aFusco,$bAntonio Maria$0111455 801 0$aIT$bUNIPARTHENOPE$c20081110$gRICA$2UNIMARC 912 $a000019098 951 $aCollana S. L. C. 4$b4547$cNAVA2 951 $a212.1/76$b547$cNAVA2 996 $aSulla storiografia dell'economica$932450 997 $aUNIPARTHENOPE LEADER 02038nam2 22004333i 450 001 VAN0268148 005 20240229031724.265 017 70$2N$a9781441987624 100 $a20231129d1978 |0itac50 ba 101 $aeng 102 $aUS 105 $a|||| ||||| 200 1 $aˆ2: ‰Classical Field Theory$fWalter Thirring$gTranslated by Evans M. Harrell 205 $a2. ed 210 $aNew York$cSpringer$d1978 215 $ax, 261 p.$cill.$d24 cm 461 1$1001VAN0268147$12001 $aˆA ‰Course in Mathematical Physics$fWalter Thirring$gTranslated by Evans M. Harrell$1210 $aWien [etc.]$cSpringer$1215 $avolumi$cill.$d24 cm$v2 500 1$3VAN0268149$aLehrbuch der Mathematischen Physik. Band 2: Klassische Feldtheorie$93597318 606 $a53-XX$xDifferential geometry [MSC 2020]$3VANC019813$2MF 606 $a78-XX$xOptics, electromagnetic theory [MSC 2020]$3VANC022356$2MF 606 $a53B50$xApplications of local differential geometry to the sciences [MSC 2020]$3VANC023316$2MF 610 $aCosmology$9KW:K 610 $aDifferential geometry$9KW:K 610 $aGeometry$9KW:K 610 $aMathematical physics$9KW:K 610 $aTheoretical Physics$9KW:K 620 $aUS$dNew York$3VANL000011 700 1$aThirring$bWalter$3VANV220328$061741 702 1$aHarrell$bEvans M.$3VANV043698$4730 712 $aSpringer $3VANV108073$4650 790 1$aHarrell, E. M.$zHarrell, Evans M.$3VANV043699 801 $aIT$bSOL$c20240614$gRICA 856 4 $uhttps://doi.org/10.1007/978-1-4419-8762-4$zE-book ? Accesso al full-text attraverso riconoscimento IP di Ateneo, proxy e/o Shibboleth 899 $aBIBLIOTECA DEL DIPARTIMENTO DI MATEMATICA E FISICA$1IT-CE0120$2VAN08 912 $fN 912 $aVAN0268148 950 $aBIBLIOTECA DEL DIPARTIMENTO DI MATEMATICA E FISICA$d08CONS e-book 7392 $e08eMF7392 20231204 996 $aLehrbuch der Mathematischen Physik. Band 2: Klassische Feldtheorie$93597318 997 $aUNICAMPANIA